000
00297nam a22001337a 4500
008
181107b xxu||||| |||| 00| 0 eng d
020
_a
0153297026
041
_a
eng
080
_2
3 th
_a
370
100
_a
49
101
_a
EDU
245
_a
Vocabulary For College
_c
Paul.B.D
942
_2
udc
_c
BK
999
_c
52081
_d
52081